Statistics for Which city in Portugal?

Click here to take the quiz!

General Stats

  • This quiz has been taken 229 times
  • The average score is 13 of 25

Answer Stats

HintAnswer% Correct
Capital of PortugalLisbon
99%
"The Undefeated City"Porto
95%
Capital of AlgarveFaro
81%
Home of the country's oldest universityCoimbra
79%
"The City of Archbishops"Braga
76%
Capital of MadeiraFunchal
75%
"The Portuguese Venice"Aveiro
62%
The name means 'white castle'Castelo Branco
59%
Is nicknamed "The Cradle of the Nation"Guimarães
56%
Barbosa du Bocage was born hereSetúbal
56%
Capital of the AzoresPonta Delgada
51%
Twin city ^Vila Nova de Gaia
47%
Is a member of the most ancient european townsÉvora
45%
'Cristo Rei' is located hereAlmada
44%
The best city to liveViseu
43%
Is known for its great pinewoodLeiria
42%
The Sanctuary of Santa Luzia is located hereViana do Castelo
41%
The 4th largest city in the countryAmadora
40%
The highest cityGuarda
38%
Is known by the legend of the rooster of...Barcelos
37%
Is known for its international circuitVila Real
33%
The catholic capital of the AzoresAngra do Heroísmo
23%
Sometimes referred to as "Town of Wool and Snow"Covilhã
19%
The Sanctuary of Our Lady of Remédios is located hereLamego
18%
"The Queen of the Portuguese Beaches"Figueira da Foz
16%

Score Distribution

Percentile by Number Answered

Percent of People with Each Score

Your Score History

You have not taken this quiz